|
|
|
|
| LEADER |
01142nam a2200265 a 4500 |
| 001 |
000063264 |
| 003 |
CZ BrMZK |
| 005 |
19960313143423.0 |
| 008 |
960401s1996 xr f cze d |
| 020 |
|
|
|a 80-7083-190-1
|
| 040 |
|
|
|a BOA001
|b cze
|
| 080 |
|
|
|a 681.3.06(075.8) Pascal
|2 MRF
|
| 100 |
1 |
|
|a Satrapa, Pavel,
|d 1964-
|7 mzk2002148247
|4 aut
|
| 245 |
1 |
0 |
|a Programování v Pascalu /
|c Pavel Satrapa
|
| 250 |
|
|
|a Vyd. 1.
|
| 260 |
|
|
|a Liberec :
|b Technická univerzita v Liberci,
|c 1996
|
| 300 |
|
|
|a 252 s. ;
|c 21 cm
|
| 500 |
|
|
|a Určeno pro posl. 1. roč. všech fak. Techn. univ. v Liberci. - Bibliogr. - Rejstř.
|
| 653 |
0 |
|
|a Pascal
|a programovací jazyky
|a programování
|
| 710 |
2 |
|
|a Technická univerzita v Liberci.
|b Hospodářská fakulta
|7 kn20010709338
|
| 910 |
|
|
|a BOA001
|b TK-0258.474
|
| 990 |
|
|
|a BK
|
| 996 |
7 |
|
|b 2620003244
|c TK-0258.474
|l MZK
|r Sklad / do 24 hodin
|n 22
|p kup
|w 000063264
|u 000010
|a 1
|e BOA001
|j MZK50
|s A
|
| 996 |
7 |
|
|b 2620004614
|c TK-0258.474
|l MZK
|r Sklad / do 24 hodin
|n 9
|p dar
|w 000063264
|u 000020
|a 1
|e BOA001
|j MZK50
|s A
|
| 996 |
7 |
|
|b 2620004615
|c TK-0258.474
|l MZK
|r Sklad / do 24 hodin
|n 21
|p dar
|w 000063264
|u 000030
|a 1
|e BOA001
|j MZK50
|s A
|